000 00307nam a2200109Ia 4500
008 190216s9999||||xx |||||||||||||| ||und||
100 _a"Anand J, Rekhi Dps, Sarna L & Gupta Lr"
245 0 _aEngineering Colleges Entrance Examinations
260 _bBright Careers
_c1985
300 _a1352p
942 _cREF
999 _c35708
_d35708